Fundamentals of Radar Signals Processing / (Record no. 534548)
[ view plain ]
| 000 -LEADER | |
|---|---|
| fixed length control field | 00438nam a22001577a 4500 |
| 020 ## - INTERNATIONAL STANDARD BOOK NUMBER | |
| International Standard Book Number | 0070607370 |
| 082 ## - DEWEY DECIMAL CLASSIFICATION NUMBER | |
| Classification number | 621.3848 |
| 100 ## - MAIN ENTRY--PERSONAL NAME | |
| Personal name | Richards, Mark A. |
| 245 ## - TITLE STATEMENT | |
| Title | Fundamentals of Radar Signals Processing / |
| Statement of responsibility, etc. | Mark A. Richards |
| 250 ## - EDITION STATEMENT | |
| Edition statement | Indian Ed. |
| 260 ## - PUBLICATION, DISTRIBUTION, ETC. | |
| Place of publication, distribution, etc. | New Delhi : |
| Name of publisher, distributor, etc. | McGraw-Hill, |
| Date of publication, distribution, etc. | 2017. |
| 300 ## - PHYSICAL DESCRIPTION | |
| Extent | 513 p. |
| Dimensions | 24 cm. |
| 942 ## - ADDED ENTRY ELEMENTS (KOHA) | |
| Source of classification or shelving scheme | |
| Koha item type | Book |
| Withdrawn status | Lost status | Source of classification or shelving scheme | Damaged status | Not for loan | Permanent Location | Current Location | Date acquired | Source of acquisition | Total Checkouts | Total Renewals | Full call number | Barcode | Checked out | Date last seen | Date last checked out | Price effective from | Koha item type |
|---|---|---|---|---|---|---|---|---|---|---|---|---|---|---|---|---|---|
| Central Library (CL) | Central Library (CL) | 03/02/2020 | Multiline Books | 5 | 4 | 621.3848 RIC | CL-235 | 02/06/2026 | 09/25/2025 | 09/25/2025 | 03/02/2020 | Book |
